000 00979nam a2200253 a 4500
001 000011298
005 20250228152923.0
008 091016s2005 dr r 000 d spa d
020 _a9993498440
040 _aDO-SdBNP
_bspa
_cBNPHU
082 _aRD862.44
_bC352i
100 1 3 _aCastillo, Efraím,
_d1940-
_928022
245 1 4 _aLos inventores del monstruo :
_bdrama en nueve cuadros /
_cEfraim Castillo ; corrección Noris Céspedes.
260 _aSanto Domingo :
_bSecretaria de Estado de Cultura,
_c2005.
300 _a195 p. ;
_c24 cm.
500 _aIncluye datos biográficos del autor en la solapa de la cubierta.
586 _aPremio Anual de Teatro Cristóbal de Llerena, 2004
590 _aInventariado, 2019 / DG
650 0 _aTeatro dominicano
_9637
650 0 _aLiteratura dominicana.
_967
700 1 2 _aCéspedes, Noris,
_ecorr.
_92492
710 1 _a República Dominicana.
_b Secretaría de Estado de Cultura
_96453
910 _aValidado. Control de calidad. MFF
999 _c11005
_d11005